Statistieken voor europa quiz

Klik hier om de quiz te nemen!

Algemene statistieken

  • Deze quiz is 40 keer genomen
  • De gemiddelde score is 22 van 45

Antwoordstatistieken

Antwoord% Correct
nederland
100%
frankrijk
97%
belgie
93%
noorwegen
90%
portugal
90%
spanje
90%
duitsland
86%
griekenland
83%
zweden
76%
finland
72%
italie
66%
luxemburg
66%
oostenrijk
66%
polen
66%
ijsland
62%
rusland
59%
oekraine
55%
kroatie
52%
ierland
48%
belarus
45%
denemarken
45%
letland
41%
moldavie
41%
roemenie
41%
albanie
38%
andorra
38%
bulgarije
38%
servie
38%
litouwen
34%
monaco
34%
tsjechie
34%
bosnie
31%
kosovo
31%
vaticaan
31%
estland
28%
malta
28%
slovenie
28%
slowakije
28%
hongarije
24%
noord macedonie
24%
san marino
24%
liechtenstein
17%
montenegro
17%
verenigd koningkrijk
7%
zwitzerland
7%

Scoreverdeling

Percentiel versus Aantal Correcte Antwoorden

Procent van Mensen met Elke Score

Uw Scoregeschiedenis

U heeft deze quiz nog niet genomen